Responses for show #6373 - Wednesday, May 9, 2012

2012 Teen Tournament semifinal game 3.
From DAR Constitution Hall in Washington, D.C.

Contestants

Krishna Bharathala, a sophomore from Fremont, California

Rose Schaefer, a junior from Portland, Oregon

Kevin Yang, a junior from Birmingham, Alabama

Jeopardy! Round responses

CITIZENSHIP
(Alex: How appropriate for this city.)
PLAY SETTINGS
HE'S QUITE THE SPORTSMAN
WHEN IN THE WORLD?
CLOTHES MAKE THE IDIOM
(Alex: And finally, something special...)
CARS IN AMERICA
    $200 18
the right to vote

Rose
    $200 6
Argentina

Kevin
    $200 23
(Kevin: Who is Aaron Rodgers?)
[Originally ruled incorrect; value of the clue was returned to Kevin before the DJ! Round when Alex revealed that the picture did not appear for the contestants.]

Eli Manning

Krishna
    $200 13
Friday

Rose
    $200 1
the belt

Kevin
    $200 11
GM (General Motors)

Rose
    $400 19
the draft (or Selective Service)

Krishna
    $400 7
Salem

Krishna
    $400 24
St. Louis

Kevin
    $400 14
2008

Krishna
    $400 2
your hat

Rose
    $400 12
the assembly line

Krishna
    $600 20
the American Embassy

Rose
    $600 8
Our Town

Kevin
    $600 25
(Alex: Correct with less than a minute to go.)

Charles Barkley

Kevin
    $1,200 15
(Krishna: What is March?)

January

Krishna
    $600 3
the collar

Rose
    $600 28
gas guzzler

Kevin
    $800 21
(Kevin: What is 30?)
(Krishna: What is 35?)

25

KevinKrishna
Triple Stumper
    $800 9
Hamlet

Kevin
    $800 26
NASCAR

Rose
    $800 16
the 11th century

Krishna
    $800 4
the cuff

Rose
    $800 29
[The end-of-round signal sounds.]

Chrysler

Rose
    $1000 22
naturalization

Kevin
    $1000 10
The Miracle Worker

Kevin
    $1000 27
Manny Pacquiao

Krishna
    $1000 17
December

Krishna
    $1000 5
a shoestring budget

Triple Stumper

Scores at the first commercial break (after clue 15):

Kevin Rose Krishna
$2,800 $2,200 $0

Scores at the end of the Jeopardy! Round:

Kevin Rose Krishna
$4,600 $4,600 $2,600

Double Jeopardy! Round responses

CITIZENSHIP
(Alex: We're dealing with [*] again, but with a twist...you have to name the country for us.)
HOW SYMBOLIC
THE SILENT MOVIE ERA
ALSO A 2-LETTER POSTAL ABBREVIATION
BIOLOGY
HISTORY SINCE YOU WERE BORN
(Alex: In other words, very recent history.) [Audience laughs]
    $400 11
(Kevin: What are English?)

Germans

KevinRose
    $400 7
division

Kevin
    $400 26
the Eskimos (or the Inuit)

Krishna
    $400 3
Al

Kevin
    $400 1
a skeleton

Krishna
    $400 21
BP

Kevin
    $800 12
Spaniards

Rose
    $800 8
a hashtag

Rose
    $800 9
ca

Rose
    $800 2
recessive

Rose
    $800 22
(Rose: Who is Ahmabinejad?)
...
(Alex: Rose, you changed one letter in the gentleman's name; there's not a "B" there.)

Ahmadinejad

Rose
Triple Stumper
    $1200 13
Indians

Krishna
    $1200 18
rice

Rose
    $2,000 28
[The end-of-round signal sounds.]

Alfred Hitchcock

Kevin
    $1200 10
hi

Krishna
    $1200 4
mutations

Kevin
    $1200 23
Darfur

Kevin
    $1600 14
Great Britons

Rose
    $1600 19
Jupiter

Kevin
    $1600 27
Charlie Chaplin

Kevin
    $1600 16
fl.

Krishna
    $2,000 5
(Kevin: What is a corrosive acid?)

an amino acid

Kevin
    $1600 24
(Alex: Less than a minute now.)

Dolly

Kevin
    $2000 15
Brazil

Triple Stumper
    $2000 20
the Underground Railroad

Rose
    $2000 17
la

Krishna
    $2000 6
prokaryotes

Krishna
    $2000 25
Yemen

Triple Stumper

Scores at the end of the Double Jeopardy! Round:

Kevin Rose Krishna
$12,600 $12,200 $11,400

[wagering suggestions for these scores]

Final Jeopardy! Round responses

CONTEMPORARY NOVELISTS
(Alex: The book was made into a very, very popular film.)
...
(Alex: [To Krishna] "Who is [*]?", author of The Hunger Games, you are right.)
KrishnaWho is Suzanne Collins
$11,400
RoseWho is Suzanne Collins?
$12,199
KevinWho is William Golding?
$11,801
Suzanne Collins

Final scores:

Kevin Rose Krishna
$799 $24,399 $22,800
3rd place: $10,000 Finalist 2nd place: $10,000

Game dynamics:

Coryat scores:

Kevin Rose Krishna
$13,800 $12,200 $12,600
18 R
(including 1 DD),
3 W
(including 1 DD)
17 R,
1 W
15 R,
2 W
(including 1 DD)

Combined Coryat: $38,600

The J! Archive is created by fans, for fans. The Jeopardy! game show and all elements thereof, including but not limited to copyright and trademark thereto, are the property of Jeopardy Productions, Inc. and are protected under law. This website is not affiliated with, sponsored by, or operated by Jeopardy Productions, Inc. Join the discussion at JBoard.tv.